000 00537cam a22001934a 4500
005 20250605164243.0
008 250528s ||||||||||||||||||||||||d
035 _a21394
040 _aGR-AtMCL
_bgre
_dGR-AtMCL
_eAACR2
245 1 _aΑΣΚΗΣΕΙΣ ΑΠΕΙΡΟΣΤΙΚΟΥ ΛΟΓΙΣΜΟΥ ΤΟΜΟΣ 2
250 _a1
260 _bΑυτοεκδοση,
_c1993
300 _a569
700 1 _aΣαπουνακης Αρ
_97440
700 1 _aΦουντας Ευαγ
_97441
942 _cBK
999 _c6457
_d6457